Argentine soccer players scoring during the World Cup - Statistics

General Stats
  • This quiz has been taken 660 times
    413 since last reset
  • The average score is 19 of 63
Answer Stats
Goals Year(s) Player % Correct
13 2006, 2014, 2018, 2022 Lionel Messi
100%
8 1982, 1986, 1994 Diego Maradona
96%
3 2014, 2018, 2022 Ángel Di María
91%
4 2022 Julián Álvarez
80%
2 2018 Sergio Agüero
80%
5 2010, 2014 Gonzalo Higuaín
79%
10 1994, 1998, 2002 Gabriel Batistuta
78%
4 2002, 2006 Hernán Crespo
64%
6 1978 Mario Kempes
62%
1 2022 Enzo Fernández
61%
1 2022 Alexis Mac Allister
59%
3 2006, 2010 Carlos Tévez
59%
1 1998 Javier Zanetti
47%
1 2022 Nahuel Molina
46%
3 2006 Maxi Rodríguez
44%
2 2014, 2018 Marcos Rojo
43%
3 1978, 1982 Daniel Passarella
42%
1 2006 Esteban Cambiasso
39%
4 1990, 1994 Claudio Caniggia
37%
1 2010 Gabriel Heinze
37%
3 1986, 1990 Jorge Burruchaga
36%
1 2006 Roberto Ayala
35%
1 1974 Rubén Ayala
35%
4 1986 Jorge Valdano
32%
1 2018 Gabriel Mercado
31%
2 1998 Ariel Ortega
29%
1 1998 Claudio Lopez
28%
1 2006 Javier Saviola
28%
1 2010 Martin Demichelis
27%
1 2010 Martin Palermo
27%
8 1930 Guillermo Stábile
26%
1 1986 José Luis Brown
26%
2 1930 Luis Monti
24%
1 1986 Oscar Ruggeri
22%
4 1978 Leopoldo Luque
20%
4 1978, 1982 Daniel Bertoni
19%
1 1982 Osvaldo Ardiles
17%
1 1994 Abel Balbo
15%
1 1982 Ramon Diaz
14%
4 1974, 1978 René Houseman
14%
1 1978 Alberto Tarantini
12%
1 1990 Pedro Troglio
11%
3 1966 Luis Artime
10%
1 1990 Pedro Monzon
9%
3 1930 Carlos Peucelle
8%
1 1966 Ermindo Onega
8%
1 1962 José Sanfilippo
8%
1 1986 Pedro Pasculli
8%
1 1974 Carlos Babington
7%
1 1930 Francisco Varallo
7%
1 1998 Mauricio Pineda
7%
1 1974 Miguel Ángel Brindisi
6%
3 1958 Oreste Corbatta
6%
2 1974 Héctor Yazalde
5%
1 1930 Mario Evaristo
5%
2 1930 Adolfo Zumelzú
4%
1 1930 Alejandro Scopelli
4%
1 1958 Norberto Menéndez
4%
1 1974 Ramón Heredia
4%
1 1934 Alberto Galateo
3%
1 1934 Ernesto Belis
3%
1 1962 Héctor Facundo
3%
1 1958 Ludovico Avio
3%
No matching quizzes found
Score Distribution
Percent of People with Each Score
Percentile by Number Answered
Your Score History
You have not taken this quiz since the last reset